30 Human Rights - Statistics

General Stats
  • This quiz has been taken 169 times
  • The average score is 3 of 30
Answer Stats
Hint Answer % Correct
3 Life
64%
26 Education
46%
4 No slavery
24%
5 No torture
19%
21 Democracy
14%
19 Freedom of expression
14%
12 Privacy
14%
1 Freedom and equality
13%
18 Freedom of thought
13%
27 Copyright
8%
16 Marriage and family
8%
15 Nationality
8%
2 Don't discriminate
7%
29 Responsibility
7%
28 A fair and free world
6%
7 Equality before the law
6%
25 Food and shelter
6%
13 Freedom to move
6%
9 No unfair detainment
6%
24 Playing
6%
20 Public assembly
6%
6 Rights no matter where you go
6%
22 Social security
6%
14 To seek asylum
6%
10 To trial
6%
23 Workers' rights
6%
17 Your own things
6%
8 Human rights are protected by law
4%
11 Innocence till proven guilty
4%
30 Rights cannot be taken away
4%
No matching quizzes found
Score Distribution
Percent of People with Each Score
Percentile by Number Answered
Your Score History
You have not taken this quiz